History Quiz

Random History Quiz

Units of the US Marine Corps Quiz Stats

 Plays Quiz not verified by Sporcle

Challenge
Share
Tweet
Embed
Score 0/16 Timer 15:00
0 Plays Today
Type Unit % Correct
amphibious assault infantry1st Marine Division
90.9%
amphibious assault infantry2nd Marine Division
90.9%
amphibious assault infantry3rd Marine Division
90.9%
amphibious assault infantry4th Marine Division
72.7%
special forces operationsMarine Raider Regiment
36.4%
aviation operations1st Marine Aircraft Wing
27.3%
aviation operations2nd Marine Aircraft Wing
27.3%
aviation operations3rd Marine Aircraft Wing
27.3%
Type Unit % Correct
aviation operations4th Marine Aircraft Wing
27.3%
logistics1st Marine Logistics Group
27.3%
logistics4th Marine Logistics Group
27.3%
logistics2nd Marine Logistics Group
18.2%
logistics3rd Marine Logistics Group
18.2%
trainingRecruit Training Regiment
9.1%
security/couter-terrorismMarine Corps Security Force Regiment
9.1%
counseling/medical supportUnited States Marine Corps Wounded Warrior Regiment
9.1%

You're not logged in!

Compare scores with friends on all Sporcle quizzes.
OR
Log In

You Might Also Like...

Show Comments

Extras

Created Jul 29, 2016ReportNominate
Tags:corp, marine, nickname, unit

Top Quizzes Today


Score Distribution

Your Account Isn't Verified!

In order to create a playlist on Sporcle, you need to verify the email address you used during registration. Go to your Sporcle Settings to finish the process.

Report this User

Report this user for behavior that violates our Community Guidelines.

Details: